| 000 | 00383nam a2200109Ia 4500 | ||
|---|---|---|---|
| 008 | 160909s9999 xx 000 0 und d | ||
| 100 | _aNaghavi, Minasadat | ||
| 245 | _aIncreased capacity communication links with spectrum sharing | ||
| 260 |
_bCalifornia State University, Long Beach. _c2016 |
||
| 650 | _aMASS COM | ||
| 856 | _uhttp://pqdtopen.proquest.com/doc/1760591254.html?FMT=ABS | ||
| 999 |
_c304228 _d304228 |
||